01298cam a22003131a 4500001001300000003000400013005001700017008004100034010001700075035001900092040008600111042001200197050002700209051001500236086001900251100002500270245008600295260009900381300003800480490005200518500001600570500004700586500014300633504005200776650002100828700005100849830006700900999001700967hew65000017 DLC20260227111513.0771128s1964 dcuab f000 0 eng c ahew65000017  a(OCoLC)3449724 aU.S. Dept. of Health, Education, and Welfare. LibrarycDNIEdISSdOCoLCdTxUdDLC apremarc00aL111b.A6 1964, no. 33 aLA596b.F70 aFS 5.214:141041 aFreeburger, Adela R.10aEducation in Peru /cAdela R. Freeburger, in collaboration with Charles E. Hauch. a[Washington, D.C.] :bU.S. Dept. of Health, Education and Welfare, Office of Education,c1964. aiii, 69 p. :bill., map ;c24 cm.1 aBulletin / Office of Education ;v1964, no. 33. a"OE-14104." a"Studies in comparative education"--Cover. aCopies 1 and 2 of L111.A6 bound with: Bulletin / United States. Office of Education, 1964, no. 34-1964, no. 41, subsequent to publication. aIncludes bibliographical references (p. 53-57). 0aEducationzPeru.1 aHauch, Charles C.q(Charles Christian),d1913- 0aBulletin (United States. Office of Education) ;v1964, no. 33. c34520d34520